00705nam a2200193 i 4500001000700000003000900007007000300016008004100019080001800060100002600078245010600104260003400210300002200244500002900266650004200295852003300337999001900370952012200389105843ES-MaACLt|060901s1973 fr ||||1| fre d a338.984.3(44)1 aDurrieu, Yves.94632512aL'impossible régionalisation capitaliste b: témoignages de Fos et du Languedoc / cYves Durrieu. aParis : bAnthropos, c[1973] a268 p. ; c19 cm. aBiblioteca Juan Andrade.14aDesarrollo regional-zFrancia.911813 aES-MaACLjAND-658 bR.109955 c105843d105843 00104070aATENEOMbATENEOMcDEPO2d2008-01-17eSCl0oAND-658p1110501r2023-02-23 00:00:00w2023-02-23yMONOGRAFIA